| 000 | 00653nam a2200205Ia 4500 | ||
|---|---|---|---|
| 008 | 131103s9999 xx 000 0 und d | ||
| 020 |
_a706985257 _cRs.95 |
||
| 040 | _aLoreto College | ||
| 041 | _aEnglish | ||
| 082 |
_a370.9/SOD _bLCLIB/Ed Sem Lib/41833 |
||
| 100 | _aSodhi,T.S. | ||
| 245 | 2 |
_aA Textbook of comparative education _b philosophy,patterns and problemms and national system (UK,USA,China,India) _cT.S.Sodhi |
|
| 250 | _a6th rev. ed. | ||
| 260 |
_aNew Delhi _bVikas Pub. _c1998 |
||
| 300 |
_ax,381 p. _c 22 cm. |
||
| 504 | _aIncludes bibliographical references | ||
| 650 | _aComparative Education | ||
| 850 | _aLCLIB | ||
| 942 | _cBK | ||
| 999 |
_c10888 _d61367 |
||